Normal view
MARC view
Entry Personal Name
001 - CONTROL NUMBER
- control field: 33712
003 - CONTROL NUMBER IDENTIFIER
- control field: ARRUPE
005 - DATE AND TIME OF LATEST TRANSACTION
- control field: 20170727121241.0
008 - FIXED-LENGTH DATA ELEMENTS
- fixed length control field: 170727|| aca||aabn | a|a d
040 ## - CATALOGING SOURCE
- Original cataloging agency: ARRUPE
- Transcribing agency: ARRUPE
100 ## - HEADING--PERSONAL NAME
- Personal name: Somerville, John,
- Dates associated with a name: 1905-
670 ## - SOURCE DATA FOUND
- Source citation: Work cat.: (ARRUPE)37434: Somerville, John, 1905-, The philosophy of Marxism;, [1967]